LEADER 00925nam a2200253 i 4500 001 000000149190 003 CaOOAMICUS 005 20060511000000.0 008 060511s1983 it u000 u ita u 013 $a126508 040 $aSeMil$bita 100 1 $aGolding, William,$d<1911-1993>.$0(OLS)http://semarc/name/32773 245 12$aL'inviato dell'imperatore /$cWilliam Golding. 260 $aMilano :$bDe Carlo,$ccopyr. 1983. 300 $a116 p. ;$c22 cm. 490 0 $aCuriosa : biblioteca letteraria moderna ;$v9 500 $aFondo Ciprandi. 830 0$aCuriosa ;$v9.$0(OLS)http://semarc/title/408717 850 $aSeMil 852 $aSeMil$W1$xVenegono$y1$m1V V 126$j101488$B101488$CSeMilBibl$Z2$F111049 $81 941 1 $a1 961 $aOmaggio: Ciprandi dott. Paolo 996 $6245$aL'inviato dell'imperatore$9(OLS)http://semarc/title/218098 996 $6260$aMilano :$bDe Carlo$9(OLS)http://semarc/publisher/34220 LEADER 00789nam a2200205 i 4500 001 000000219408 003 CaOOAMICUS 005 20130322000000.0 008 130322n it u000 u ita u 013 $a198305 040 $aSeMil$bita 245 13$aIl nipote del mago ; Il leone, la strega e l'armadio. 300 $a287 p. 490 0 $aGrandi classici 773 0 $aLewis, Clive Staples <1898-1963>$tCronache di Narnia.$dMilano : Oscar Mondadori, 2005.$g1$w()28242 830 0$aGrandi classici.$0(OLS)http://semarc/title/19391 850 $aSeMil 852 $aSeMil$W1$xVenegono$y1$m1V III 55$j169769$B169769$CSeMilBibl$Z2$F187305 $81 961 $aOmaggio: Tremolada don Pierantonio 996 $6245$aIl nipote del mago ; Il leone, la strega e l'armadio$9(OLS)http://semarc/title/314797